• 首页
  • 本馆介绍
  • 公告通知
  • 最新文献
  • 馆藏检索
  • 电子资源
  • 读者导购
  • 参考咨询
  • 我的图书馆
  • 登录
  • 详细信息显示
  • 放入我的书架
  • 预约/预借图书
  • 作者相关作品
  • 分类相关作品
  • 丛书相关作品
  • 出版社相关作品

书目信息

  • 表格格式
  • 工作单格式
  • 卡片格式
题名:
列子集释
    
 
作者: 杨伯峻 撰
分册:  
出版信息: 北京   中华书局  1979.10
页数: 350页
开本: 20cm
丛书名:
单 册:
中图分类: B223.2
科图分类:
主题词: 先秦哲学
电子资源:
ISBN:
000 00487nam0 2200193 45
001 0309171583
005 20060819093445.64
010    @dCNY1.30
091    @a2018.153
100    @a20030917d1979 km y0chiy0120 ea
101 0  @achi
200 1  @a列子集释@ALie Zi Ji Shi@f杨伯峻撰@FYang Bo Jun Zhuan
210    @a北京@c中华书局@d1979.10
215    @a350页@d20cm
606 0  @a先秦哲学
690    @aB223.2@v3
701  0 @a杨伯峻@4撰
801    @aCN@bTSTC@c20060819
905    @b35951@dB223.2@e4@f1
    
    列子集释/杨伯峻撰.-北京:中华书局,1979.10
    350页;20cm
    
    
    ISBN :CNY1.30
    
●
相关链接 在E读中查询图书 在五车中查询图书 在当当中查询图书 在豆瓣中查询图书


正题名:列子集释     索取号:B223.2/4         预约/预借

序号 登录号 条形码 馆藏地/架位号 状态 备注
1 0035951   001835429   密集书库/ [索取号:B223.2/4] 在馆    
2 0424632   204246324   密集书库/ [索取号:B223.2/4] 在馆    
3 0469432   204694321   密集书库/ [索取号:B223.2/4] 在馆    
唐山师范学院图书馆 欢迎您!
大连网信软件有限公司© 版权所有